00284nam a2200121Ia 4500008004100000041000900041082001900050100001700069245002700086260003200113300000900145650000800154230718s9999 xx 000 0 und d aEng. a346.042bBAS-M aBashil Mayed 0aManual of intellectual aPakistanbManzed law c2011 a1195 aLaw